Os Romanos (Registo nº 3297)

Detalhes MARC
000 -Etiqueta do registo
Cabeçalho 00955nam a22003251 4500
005 - Identificador da versão
Campo de controlo 20240813121958.0
010 ## - Número internacional normalizado dos livros (ISBN)
Número (ISBN) 9727508871
021 ## - Número do Depósito Legal
Código do país PT
Número 192358/03
100 ## - Dados gerais de processamento
Dados gerais de processamento 20050621d2003 cd y0pory5003 ba
102 ## - Pais de publicação ou produção
País de publicação Portugal
101 1# - Língua de publicação
Língua do texto, banda sonora, etc. Português
Língua do documento no original Inglês
106 ## - Campo de dados codificados: material textual
Dados codificados do material textual r
105 ## - Campo de dados codificados: livros
Dados codificados dos livros a z 000yy
215 ## - Descrição física 
Indicação específica da natureza do documento e extensão da espécie [26] p.
Outras indicações físicas todo il.
Dimensões 24 cm
200 1# - Titulo e menção de responsabilidade
Título próprio Os Romanos
Primeira menção de responsabilidade Disney
Outras menções de responsabilidade texto de Béatrice Fontanel
-- trad. Teresa Figueira
-- il. Comic Up
225 2# - Colecção 
Título próprio da colecção Queres conhecer?
210 ## - Publicação, Distribuição, etc. 
Lugar da edição, distribuição, etc. Rio de Mouro
Nome do editor, distribuidor, etc. Everest Editora
Data da publicação, distribuição, etc. D.L. 2003
606 ## - Nome comum usado como assunto
Número de registo de entrada de autoridade 0001662
Palavra de ordem História Universal
Número de registo de entrada de autoridade 0001468
Palavra de ordem Etnografia
675 ## - Classificação Decimal Universal (CDU)
Notação 94
Edição
Língua da edição por
Notação 39
Edição
Língua da edição por
702 #1 - Nome de autor-pessoa física (responsabilidade secundária)
Número de registo de entrada de autoridade 0002165
Palavra de ordem Fontanel
Outra parte do nome não tomada para palavra de ordem Béatrice
Código de função Autor / Co-autor
Número de registo de entrada de autoridade 0001526
Palavra de ordem Figueira
Outra parte do nome não tomada para palavra de ordem Teresa
Código de função Tradutor
710 02 - Nome de colectividade-autor (responsabilidade principal)
Número de registo de entrada de autoridade 0000305
Palavra de ordem Walt Disney Productions
712 02 - Nome de colectividade-autor (responsabilidade secundária)
Número de registo de entrada de autoridade 0002166
Palavra de ordem Comic Up
Código de função Ilustrador / Técnico de desenho computorizado
942 ## - Elementos de entrada adicionados (Koha)
Tipo de item no Koha Livro
Exemplares
Situação do levantamento Origin of item (home branch) (coded) Biblioteca de empréstimo Código de barras Cota Circulation type (not for loan) Tipo de documento Nota do exemplar Damaged status
  Biblioteca Escolar da Coca Maravilhas Biblioteca Escolar da Coca Maravilhas BECM6982/05 9HIS DIS   Livro Sem mensagem